000
00324 a2200133 4500
001
154323
040
_c
Escola São Tomás de Aquino
100
_a
CARTELLE
240
1
0
_a
A história de Aur e Nia
_l
por
245
1
0
_a
A história de Aur e Nia
362
0
_a
2012
697
_a
Folclore / Adivinhações / Lendas
942
_c
BK
999
_c
154323
_d
154323